Best Player on each NFL team heading into 2018 - Statistics

General Stats
  • This quiz has been taken 2,475 times
    2,391 since last reset
  • The average score is 23 of 32
Answer Stats
Answer % Correct
Packers, QB Aaron Rodgers
94%
Patriots, QB Tom Brady
93%
Lions, QB Matthew Stafford
92%
Steelers, WR Antonio Brown
90%
Giants, WR Odell Beckham
88%
Saints, QB Drew Brees
87%
Falcons, QB Matt Ryan
87%
Rams, DT Aaron Donald
86%
Chargers, QB Philip Rivers
86%
Ravens, QB Joe Flacco
84%
Buccaneers, WR Mike Evans
84%
Texans, DE JJ Watt
82%
Broncos, LB Von Miller
82%
Seahawks, CB Richard Sherman
80%
Bengals, WR AJ Green
79%
Jaguars, CB Jalen Ramsey
78%
Vikings, S Harrison Smith
77%
Colts, WR TY Hilton
76%
Browns, DE Myles Garrett
75%
Cowboys, RB Ezekiel Elliott
71%
Panthers, MLB Luke Kuechly
70%
Raiders, DE Khalil Mack
66%
Jets, S Jamal Adams
64%
Bills, RB LeSean Mccoy
62%
Redskins, CB Josh Norman
60%
Chiefs, S Eric Berry
56%
Dolphins, WR Jarvis Landry
56%
49ers, QB Jimmy Garoppolo
51%
Titans, TE Delanie Walker
49%
Eagles, WR Alshon Jeffery
44%
Bears, RB Jordan Howard
42%
Cardinals, RB David Johnson
36%
No matching quizzes found
Score Distribution
Percent of People with Each Score
Percentile by Number Answered
Your Score History
You have not taken this quiz since the last reset